书目信息 |
| 题名: |
低温等离子体化学及其应用
|
|
| 作者: | 陈杰瑢 著 | |
| 分册: | ||
| 出版信息: | 北京 科学出版社 2001 |
|
| 页数: | 293页 | |
| 开本: | 26cm | |
| 丛书名: | ||
| 单 册: | ||
| 中图分类: | O646.9 | |
| 科图分类: | ||
| 主题词: | 低温化学--di wen hua xue--等离子体化学 | |
| 电子资源: | ||
| ISBN: | 7-03-008225-7 | |
| 000 | 00838nam0 2200241 450 | |
| 001 | CAL 010030044271 | |
| 005 | 20070727165922.75 | |
| 010 | @a7-03-008225-7@b精装@dCNY45.00 | |
| 100 | @a20041121e20042001em y0chiy0121 ea | |
| 101 | 0 | @achi |
| 102 | @aCN@b110000 | |
| 105 | @aak z 000yy | |
| 200 | 1 | @a低温等离子体化学及其应用@Adi wen deng li zi ti hua xue ji qi ying yong@f陈杰瑢著 |
| 210 | @a北京@c科学出版社@d2001 | |
| 215 | @a293页@c图@d26cm | |
| 300 | @a国家科学技术学术著作出版基金资助出版 | |
| 306 | @a2004年第2次印刷 | |
| 330 | @a本书内容包括: 等离子体化学基础、等离子体状态与等离子体化学反应、等离子聚合、等离子体聚合动力学、等离子体引发聚合等。 | |
| 606 | 0 | @a低温化学@Adi wen hua xue@x等离子体化学 |
| 690 | @aO646.9@v4 | |
| 701 | 0 | @a陈杰瑢@Achen jie rong@4著 |
| 801 | 0 | @aCN@bWHC@c20070727 |
| 905 | @a10447@dO646.9@e31 | |
| 低温等离子体化学及其应用/陈杰瑢著.-北京:科学出版社,2001 |
| 293页:图;26cm |
| 国家科学技术学术著作出版基金资助出版 |
| ISBN 7-03-008225-7(精装):CNY45.00 |
| 本书内容包括: 等离子体化学基础、等离子体状态与等离子体化学反应、等离子聚合、等离子体聚合动力学、等离子体引发聚合等。 |
| ● |
| 相关链接 |
|
|
|
|
正题名:低温等离子体化学及其应用
索取号:O646.9/31
 
预约/预借
| 序号 | 登录号 | 条形码 | 馆藏地/架位号 | 状态 | 备注 |
| 1 | 0784423 | 207844234 | 第三借阅区/ [索取号:O646.9/31] | 在馆 | |
| 2 | 0786460 | 207864603 | 第三借阅区/ [索取号:O646.9/31] | 在馆 |